000 00489nam a2200169 a 4500
005 20140412111326.0
008 110105s19uu xx 00 eng d
020 _a1-57255-621-8
050 _aTR(PS E
_bSo5 1999
100 _aEvans, Lezlie
245 _aSometimes I Feel like a storm /
_cLezlie Evans.
260 _aNY :
_bMondo pub,
_c1999.
300 _aunp.
520 _aA Childs describes how it fells to experience a variety of emotions.
650 _aEmotions
999 _c104648
_d104648